• 首页
  • 本馆介绍
  • 公告通知
  • 最新文献
  • 馆藏检索
  • 电子资源
  • 读者导购
  • 参考咨询
  • 我的图书馆
  • 登录
  • 详细信息显示
  • 放入我的书架
  • 预约/预借图书
  • 作者相关作品
  • 分类相关作品
  • 丛书相关作品
  • 出版社相关作品

书目信息

  • 表格格式
  • 工作单格式
  • 卡片格式
书名: Electromagnetic compatibility design guide for avionics and related ground support equipment
作者: [Ernest R. Freeman and Michael Sachs].
分册号:
分册名:
出版地: Dedham, Mass. :
 
出版社: Artech House
出版时间: c1982.
页数: 1 v. (various pagings) :
开本: 28 cm.
丛书名:
中图分类号:
科图分类号:
其他分类号: TN973
主题词:
电子资源:
000 01035nam a2200337 a 4500
001 E0729708120
003 CAL
005 20070728082128.79
008 820518s1982 maua b 00110 eng
010    @a 81071923
020    @a0890061149 (pbk.).
040    @cWUL
050 0  @aTL693@b.F833 1982
082 0  @a623.7/3@219
090    @aTN973
093    @aTN973@23rd
099    @dTN973@ex2
100 1  @aFreeman, Ernest R.
245 10 @aElectromagnetic compatibility design guide for avionics and related ground support equipment / @c[Ernest R. Freeman and Michael Sachs].
260    @aDedham, Mass. :@bArtech House,@cc1982.
300    @a1 v. (various pagings) :@bill. ;@c28 cm.
504    @aIncludes bibliographical references and index.
650  0 @aAirplanes@xElectronic equipment@xDesign and construction.
650  0 @aElectromagnetic compatibility.
700 10 @aSachs, Michael.
920    @a211040@z1
920    @a211060@z1
920    @a243040@z1
920    @a244050@z1
920    @a242010@z1
998    @aWUL
    
    Electromagnetic compatibility design guide for avionics and related ground support equipment / / [Ernest R. Freeman and Michael Sachs].-Dedham, Mass. : : Artech House, , c1982.
    1 v. (various pagings) : : ill. ; ; 28 cm.
    Includes bibliographical references and index.
    
    ISBN 0890061149 (pbk.).
    
●
相关链接 在E读中查询图书 在五车中查询图书 在当当中查询图书 在豆瓣中查询图书


正题名:Electromagnetic compatibility design guide for avionics and related ground support equipment     索取号:TN973/x2         预约/预借

序号 登录号 条形码 馆藏地/架位号 状态 备注
1 13940   300139400   第二样本阅览室/ [索取号:TN973/x2] 在馆    
唐山师范学院图书馆 欢迎您!
大连网信软件有限公司© 版权所有